[Event "37th Reykjavik op"]
[Site "Reykjavik ISL"]
[Date "2024.03.20"]
[Round "8.25"]
[White "Katz, Alexander"]
[Black "Li, Harry"]
[WhiteElo "2418"]
[BlackElo "2107"]
[Result "1-0"]
[EventDate "2024.03.15"]
[PlyCount "47"]

1. e4 {[%eval 13,0]} e5 {[%eval 17,0]} 2. Nf3 {[%eval 21,0]} Nc6 {[%eval 13,0]}
3. Bb5 {[%eval 21,0]} a6 {[%eval 2,0]} 4. Ba4 {[%eval 31,0]} Nf6 {[%eval 14,0]}
5. O-O {[%eval 24,0]} Be7 {[%eval 19,0]} 6. Re1 {[%eval 46,0]} b5 {[%eval 33,0]
} 7. Bb3 {[%eval 16,0]} O-O {[%eval 2,0]} 8. h3 {[%eval 27,0]} Bb7 {[%eval 25,
0]} 9. c3 {[%eval 1,0]} d5 {[%eval 0,0]} 10. exd5 {[%eval 0,0]} Nxd5 {[%eval
26,0]} 11. d4 {[%eval 12,0]} exd4 {[%eval 7,0]} 12. cxd4 {[%eval 1,0]} Nf6 {
[%eval 3,0]} 13. a3 {[%eval 1,0]} h6 {[%eval 18,0]} 14. Nc3 {[%eval 16,0]} Bd6
{[%eval 16,0]} 15. Ne5 {[%eval 2,0]} Ne7 $6 {[%eval 78,0] Inaccuracy. Bxe5 was
best.} (15... Bxe5 16. dxe5 Qxd1 17. Bxd1 Nd7 18. e6 fxe6 19. Bg4 Nd8 20. Be3
Rc8 21. Be2 Re8 22. Rad1) 16. Bf4 {[%eval 105,0]} Ned5 $6 {[%eval 172,0]
Inaccuracy. c5 was best.} (16... c5 17. dxc5) 17. Bg3 $6 {[%eval 86,0]
Inaccuracy. Qf3 was best.} (17. Qf3 Nxf4 18. Qxb7 Nd7 19. Rad1 Bxe5 20. dxe5
Nc5 21. Qf3 Qh4 22. Bc2 Nce6 23. g3 Nxh3+) 17... Nxc3 {[%eval 95,0]} 18. bxc3 {
[%eval 94,0]} c5 {[%eval 87,0]} 19. Bh4 {[%eval 49,0]} c4 {[%eval 39,0]} 20.
Bc2 {[%eval 44,0]} Be7 $4 {[%eval 256,0] Blunder. Re8 was best.} (20... Re8 21.
f4 a5 22. Qd2 Bd5 23. Ng4 Be7 24. Bxf6 Bxf6 25. Rxe8+ Qxe8 26. Nxf6+ gxf6 27.
Re1) 21. Ng4 {[%eval 243,0]} Nd5 $2 {[%eval 419,0] Mistake. Qd5 was best.} (
21... Qd5 22. Nxf6+ Bxf6 23. Be4 Qd7 24. Bxb7 Qxb7 25. Bxf6 gxf6 26. Qh5 Kg7
27. Qg4+ Kh8 28. Qf4) 22. Nxh6+ {[%eval 391,0]} gxh6 {[%eval 392,0]} 23. Rxe7 {
[%eval 387,0]} Nxe7 $6 {[%eval 553,0] Inaccuracy. f5 was best.} (23... f5 24.
Rg7+ Kxg7 25. Bxd8 Raxd8 26. Qd2 Rd6 27. Re1 Rg6 28. f3 Bc8 29. Kh2 Be6 30. Re5
) 24. Qg4+ {[%eval 539,0]} 1-0

[Event "37th Reykjavik op"]
[Site "Reykjavik ISL"]
[Date "2024.03.20"]
[Round "8.26"]
[White "Krzyzanowski, Marcin"]
[Black "Bjarnason, Snorri Vikanes"]
[WhiteElo "2524"]
[BlackElo "1875"]
[Result "1-0"]
[EventDate "2024.03.15"]
[PlyCount "42"]

1. e4 {[%eval 13,0]} c5 {[%eval 33,0]} 2. Nf3 {[%eval 22,0]} d6 {[%eval 0,0]}
3. d4 {[%eval 18,0]} cxd4 {[%eval 13,0]} 4. Nxd4 {[%eval 27,0]} Nf6 {[%eval 3,
0]} 5. Nc3 {[%eval 21,0]} Nc6 {[%eval 47,0]} 6. Bg5 {[%eval 45,0]} e6 {[%eval
23,0]} 7. Qd2 {[%eval 0,0]} Be7 {[%eval 6,0]} 8. O-O-O {[%eval 52,0]} a6 {
[%eval 52,0]} 9. f4 {[%eval 62,0]} Bd7 {[%eval 62,0]} 10. Nf3 {[%eval 48,0]}
Rc8 {[%eval 102,0]} 11. e5 {[%eval 101,0]} dxe5 {[%eval 104,0]} 12. fxe5 {
[%eval 111,0]} Nd5 {[%eval 108,0]} 13. Bxe7 {[%eval 108,0]} Ncxe7 {[%eval 112,
0]} 14. Ne4 {[%eval 107,0]} O-O {[%eval 101,0]} 15. Nd6 {[%eval 103,0]} Rc7 {
[%eval 101,0]} 16. Bd3 {[%eval 101,0]} Ng6 {[%eval 147,0]} 17. Kb1 {[%eval 91,
0]} Bc6 $6 {[%eval 176,0] Inaccuracy. Ba4 was best.} (17... Ba4) 18. Bxg6 {
[%eval 148,0]} hxg6 {[%eval 198,0]} 19. h4 $6 {[%eval 135,0] Inaccuracy. c4
was best.} (19. c4 Ne7 20. h4 Nf5 21. h5 g5 22. Nxg5 Rd7 23. c5 Nh6 24. Qc1 Bd5
25. Rhg1 Rc7) 19... Ne7 $4 {[%eval 305,0] Blunder. f6 was best.} (19... f6 20.
Ka1) 20. Nd4 {[%eval 293,0]} Nf5 {[%eval 282,0]} 21. Nxc6 {[%eval 239,0]} Rxc6
{[%eval 207,0]} 1-0

[Event "37th Reykjavik op"]
[Site "Reykjavik ISL"]
[Date "2024.03.20"]
[Round "8.27"]
[White "Jorgen, Eriksson"]
[Black "Fernandez, Daniel Howard"]
[WhiteElo "2154"]
[BlackElo "2532"]
[Result "0-1"]
[EventDate "2024.03.15"]
[PlyCount "122"]

1. d4 {[%eval 17,0]} Nf6 {[%eval 16,0]} 2. Nf3 {[%eval 12,0]} e6 {[%eval 16,0]}
3. Bg5 {[%eval 0,0]} c5 {[%eval 0,0]} 4. c3 {[%eval 0,0]} Qb6 {[%eval 0,0]} 5.
Qb3 {[%eval 0,0]} d5 {[%eval 0,0]} 6. e3 {[%eval 0,0]} Be7 {[%eval 0,0]} 7.
Nbd2 {[%eval 11,0]} O-O {[%eval 8,0]} 8. Be2 {[%eval 9,0]} Bd7 {[%eval 17,0]}
9. O-O {[%eval 5,0]} Rc8 {[%eval 13,0]} 10. Ne5 {[%eval 5,0]} Be8 {[%eval 1,0]}
11. dxc5 {[%eval 16,0]} Bxc5 {[%eval 11,0]} 12. Qxb6 {[%eval 1,0]} Bxb6 {
[%eval 16,0]} 13. a4 {[%eval 27,0]} Bc7 {[%eval 13,0]} 14. Bf4 {[%eval 31,0]}
a5 {[%eval 35,0]} 15. Nd3 {[%eval 52,0]} Nbd7 {[%eval 5,0]} 16. Bxc7 {[%eval
47,0]} Rxc7 {[%eval 47,0]} 17. f4 $6 {[%eval -74,0] Inaccuracy. f3 was best.} (
17. f3 Nb6 18. Ra2 Kf8 19. Rc1 Rac8 20. Ne5 Ke7 21. Rca1 Ng8 22. Nb3 Ra8 23.
Nd4 Nh6) 17... Nb6 {[%eval -75,0]} 18. Bd1 {[%eval -71,0]} Ne4 {[%eval -56,0]}
19. Nxe4 {[%eval -68,0]} dxe4 {[%eval -64,0]} 20. Nf2 {[%eval -74,0]} Nc4 {
[%eval -72,0]} 21. Nxe4 {[%eval -81,0]} Bc6 {[%eval 71,0]} 22. Ng3 $6 {[%eval
-94,0] Inaccuracy. b3 was best.} (22. b3 Bxe4) 22... Nxe3 {[%eval -28,0]} 23.
Rf2 {[%eval -93,0]} Nxd1 {[%eval -26,0]} 24. Rxd1 {[%eval -37,0]} Bxa4 {
[%eval -27,0]} 25. Rd4 {[%eval -22,0]} Bb3 {[%eval -58,0]} 26. Rfd2 {[%eval
-51,0]} Kf8 {[%eval -48,0]} 27. Ne4 {[%eval -24,0]} Bd5 {[%eval -17,0]} 28. Nd6
{[%eval -18,0]} Ra6 {[%eval -41,0]} 29. Nb5 $6 {[%eval -176,0] Inaccuracy. Nf5
was best.} (29. Nf5 Ra8 30. Kf2 a4 31. Ne3 Bc6 32. Nc2 Ke7 33. Rc4 Rd7 34. Nd4
Bd5 35. Rc5 g6) 29... Rc5 {[%eval -172,0]} 30. Na3 {[%eval -172,0]} Rb6 {
[%eval -176,0]} 31. f5 {[%eval -172,0]} Rb3 {[%eval -158,0]} 32. c4 {[%eval
-192,0]} Bc6 {[%eval -192,0]} 33. fxe6 {[%eval -127,0]} fxe6 {[%eval -127,0]}
34. Rf4+ {[%eval -119,0]} Rf5 {[%eval -111,0]} 35. Rxf5+ {[%eval -238,0]} exf5
{[%eval -237,0]} 36. Kf2 {[%eval -236,0]} g5 {[%eval -253,0]} 37. c5 {[%eval
-228,0]} h5 {[%eval -263,0]} 38. Rc2 {[%eval -206,0]} Be4 {[%eval -211,0]} 39.
Rd2 {[%eval -225,0]} h4 {[%eval -272,0]} 40. Nc4 {[%eval -300,0]} Rb5 {[%eval
-300,0]} 41. Nd6 {[%eval -105,0]} Rxc5 {[%eval -109,0]} 42. Nxe4 {[%eval -284,
0]} fxe4 {[%eval -286,0]} 43. Ke3 {[%eval -284,0]} Ke7 {[%eval -284,0]} 44.
Kxe4 {[%eval -295,0]} Ke6 {[%eval -104,0]} 45. Kf3 {[%eval -235,0]} Rc4 {
[%eval -248,0]} 46. h3 {[%eval -399,0]} b5 {[%eval -209,0]} 47. Rd3 {[%eval
-344,0]} b4 $6 {[%eval -263,0] Inaccuracy. Rc2 was best.} (47... Rc2 48. b3 Ke5
49. g3 hxg3 50. Kxg3 b4 51. Rd7 Rc3+ 52. Kg4 Rxb3 53. Ra7 Ra3 54. Kxg5) 48. Rd8
{[%eval -266,0]} a4 {[%eval -294,0]} 49. Ra8 {[%eval -283,0]} b3 {[%eval -255,
0]} 50. Ra5 {[%eval -247,0]} Kf6 {[%eval -265,0]} 51. Ke3 {[%eval -243,0]} Rc2
{[%eval -275,0]} 52. Kf3 {[%eval -381,0]} Rxb2 {[%eval -291,0]} 53. Rxa4 {
[%eval -209,0]} Rc2 {[%eval -294,0]} 54. Rb4 {[%eval -231,0]} b2 {[%eval -299,
0]} 55. g3 $6 {[%eval -398,0] Inaccuracy. g4 was best.} (55. g4 Ke6 56. Rb5 Kd6
57. Ke4 Kc6 58. Rb8 Rh2 59. Kd4 Rxh3 60. Rxb2 Rg3 61. Ke4 Rxg4+) 55... Rc3+ {
[%eval -208,0]} 56. Kg2 {[%eval -172,0]} Rc2+ {[%eval -168,0]} 57. Kf3 {
[%eval -358,0]} Ke5 {[%eval -377,0]} 58. gxh4 {[%eval -379,0]} gxh4 {[%eval
-347,0]} 59. Rb8 {[%eval -475,0]} Kd4 {[%eval -477,0]} 60. Kg4 {[%eval -467,0]}
Rc4 {[%eval -457,0]} 61. Rxb2 $4 {[%eval -32727,0] Checkmate is now
unavoidable. Kxh4 was best.} (61. Kxh4 Kc3+ 62. Kg3 Rb4 63. Rxb4 Kxb4 64. h4
Kc5 65. h5 Kd6 66. h6 b1=Q 67. Kf2 Ke7) 61... Kc3+ {[%eval -762,0]} 0-1

[Event "37th Reykjavik op"]
[Site "Reykjavik ISL"]
[Date "2024.03.20"]
[Round "8.28"]
[White "Klimkowski, Jan"]
[Black "Karamsetty, Jeevan"]
[WhiteElo "2532"]
[BlackElo "2187"]
[Result "0-1"]
[EventDate "2024.03.15"]
[PlyCount "80"]

1. e4 {[%eval 13,0]} d6 $6 {[%eval 75,0] Inaccuracy. e5 was best.} (1... e5 2.
Nf3 Nc6 3. Bb5 Nf6 4. O-O Nxe4 5. Re1 Nd6 6. Nxe5) 2. d4 {[%eval 4,0]} g6 {
[%eval 56,0]} 3. Nf3 {[%eval 6,0]} Nf6 {[%eval 71,0]} 4. Nc3 {[%eval 44,0]} Bg7
{[%eval 64,0]} 5. Be2 {[%eval 36,0]} O-O {[%eval 65,0]} 6. O-O {[%eval 63,0]}
a6 {[%eval 45,0]} 7. a4 {[%eval 62,0]} Nc6 {[%eval 31,0]} 8. a5 {[%eval 5,0]}
e5 {[%eval 72,0]} 9. d5 {[%eval 79,0]} Ne7 {[%eval 71,0]} 10. Nd2 {[%eval 77,0]
} Ne8 {[%eval 78,0]} 11. Na4 {[%eval 78,0]} f5 {[%eval 81,0]} 12. c4 {[%eval
85,0]} Nf6 {[%eval 75,0]} 13. f3 {[%eval 86,0]} Bh6 {[%eval 85,0]} 14. Ra3 {
[%eval 42,0]} Nh5 $6 {[%eval 103,0] Inaccuracy. Bd7 was best.} (14... Bd7 15.
c5 Bb5 16. cxd6 cxd6 17. Nb6 Rb8 18. Bxb5 axb5 19. Qe2 Nc8 20. Qxb5 Nxb6 21.
axb6) 15. g3 {[%eval 56,0]} Nf6 {[%eval 71,0]} 16. Qc2 {[%eval 39,0]} fxe4 {
[%eval 37,0]} 17. fxe4 {[%eval 28,0]} Bh3 $2 {[%eval 146,0] Mistake. b5 was
best.} (17... b5 18. axb6) 18. Re1 $4 {[%eval 3,0] Blunder. Rxf6 was best.} (
18. Rxf6 Rxf6 19. g4 b5 20. axb6 Bxg4 21. Bxg4 cxb6 22. Rf3 Kg7 23. Rxf6 Kxf6
24. Nf3 Ng8) 18... b5 {[%eval 25,0]} 19. axb6 {[%eval 28,0]} cxb6 {[%eval 31,0]
} 20. Nf3 $2 {[%eval -52,0] Mistake. b4 was best.} (20. b4) 20... Bxc1 {
[%eval -58,0]} 21. Qxc1 {[%eval -51,0]} b5 {[%eval -56,0]} 22. cxb5 $6 {
[%eval -156,0] Inaccuracy. Ng5 was best.} (22. Ng5 bxa4) 22... axb5 {[%eval
-158,0]} 23. Bxb5 {[%eval -173,0]} Ng4 {[%eval -179,0]} 24. Bf1 $6 {[%eval
-103,0] Inaccuracy. Be2 was best.} (24. Be2 Rxa4 25. Rxa4 Qb6+ 26. Nd4 exd4 27.
Ra6 Qb4 28. Bxg4 d3 29. Qc3 Qxc3 30. Be6+ Bxe6) 24... Rxa4 {[%eval -288,0]} 25.
Bxh3 {[%eval -107,0]} Rxa3 {[%eval -125,0]} 26. bxa3 {[%eval -103,0]} Qb6+ {
[%eval -104,0]} 27. Kh1 {[%eval -108,0]} Nf2+ {[%eval -104,0]} 28. Kg2 {
[%eval -112,0]} Nd3 {[%eval -297,0]} 29. Qd2 {[%eval -299,0]} Nxe1+ {[%eval
-118,0]} 30. Nxe1 {[%eval -296,0]} Kg7 {[%eval -104,0]} 31. Nf3 $6 {[%eval
-381,0] Inaccuracy. Be6 was best.} (31. Be6 Ng8 32. Bxg8 Rxg8 33. Qe2 Rb8 34.
Nd3 Qd4 35. a4 Rb3 36. Nf2 Rb2 37. Qf3 Ra2) 31... h6 $6 {[%eval -103,0]
Inaccuracy. Qb1 was best.} (31... Qb1 32. Qe1 Qc2+ 33. Nd2 Rb8 34. Kg1 Rb2 35.
Nf1 Ng8 36. Qe3 Nh6 37. a4 Qxa4 38. Be6) 32. Bg4 {[%eval -259,0]} Ra8 {[%eval
-299,0]} 33. Qc1 {[%eval -273,0]} Ra4 {[%eval -275,0]} 34. Nd2 {[%eval -227,0]}
Qe3 {[%eval -245,0]} 35. Kh3 {[%eval -296,0]} Ra7 {[%eval -254,0]} 36. Be6 {
[%eval -234,0]} h5 {[%eval -239,0]} 37. Qd1 {[%eval -203,0]} g5 $2 {[%eval
-188,0] Mistake. Qf2 was best.} (37... Qf2) 38. Qxh5 $2 {[%eval -369,0]
Mistake. Nc4 was best.} (38. Nc4 g4+ 39. Bxg4 Qxe4 40. Be2 Qxd5 41. Qxd5 Nxd5
42. Nxd6 Kg6 43. Bd3+ Kg5 44. Nc4 Kf6) 38... Ng6 {[%eval -354,0]} 39. Nf3 {
[%eval -449,0]} Ra8 {[%eval -496,0]} 40. Qg4 {[%eval -568,0]} Qe2 {[%eval -596,
0]} 0-1

[Event "37th Reykjavik op"]
[Site "Reykjavik ISL"]
[Date "2024.03.20"]
[Round "8.29"]
[White "Stefansson, Vignir Vatnar"]
[Black "Ornolfsson, Magnus P."]
[WhiteElo "2464"]
[BlackElo "2163"]
[Result "1-0"]
[EventDate "2024.03.15"]
[PlyCount "67"]

1. d4 {[%eval 17,0]} Nf6 {[%eval 16,0]} 2. c4 {[%eval 16,0]} g6 {[%eval 37,0]}
3. Nc3 {[%eval 31,0]} Bg7 {[%eval 7,0]} 4. g3 $6 {[%eval 15,0] Inaccuracy. e4
was best.} (4. e4 d6 5. Nf3 O-O 6. Be2 Na6 7. O-O e5 8. Be3 Qe7) 4... O-O {
[%eval 42,0]} 5. Bg2 {[%eval 3,0]} d6 {[%eval 37,0]} 6. Nf3 {[%eval 27,0]} c5 {
[%eval 39,0]} 7. O-O {[%eval 28,0]} Nc6 {[%eval 4,0]} 8. d5 {[%eval 32,0]} Na5
{[%eval 39,0]} 9. Nd2 {[%eval 33,0]} a6 {[%eval 41,0]} 10. a3 $6 {[%eval 25,0]
Inaccuracy. Rb1 was best.} (10. Rb1 Rb8 11. b3 b5 12. Qc2 e5 13. e3 Bd7 14. Bb2
Qe7 15. Rfe1 Nh5 16. e4 f5) 10... Ng4 {[%eval 14,0]} 11. Qc2 {[%eval 19,0]} Ne5
{[%eval 19,0]} 12. b3 {[%eval 18,0]} b5 {[%eval 28,0]} 13. Bb2 $6 {[%eval -79,
0] Inaccuracy. cxb5 was best.} (13. cxb5 axb5 14. b4 Nac4 15. bxc5 b4 16. Na4
dxc5 17. Nxc5 Nxa3 18. Qb3 Qa5 19. Nde4 Nec4) 13... Rb8 $4 {[%eval 47,0]
Blunder. bxc4 was best.} (13... bxc4 14. b4 Nb3 15. Nxb3 cxb3 16. Qxb3 Rb8 17.
h3 Qb6 18. Na4 Qb5 19. f4 Bd7 20. fxe5) 14. Nd1 {[%eval 1,0]} e6 $2 {[%eval
149,0] Mistake. bxc4 was best.} (14... bxc4 15. f4) 15. f4 {[%eval 149,0]} Ng4
{[%eval 106,0]} 16. Bxg7 {[%eval 157,0]} Kxg7 {[%eval 164,0]} 17. h3 {[%eval
164,0]} Qf6 {[%eval 202,0]} 18. Rb1 {[%eval 195,0]} Qd4+ {[%eval 199,0]} 19.
Kh1 {[%eval 204,0]} Ne3 {[%eval 206,0]} 20. Nxe3 {[%eval 258,0]} Qxe3 {[%eval
261,0]} 21. Rf3 {[%eval 258,0]} Qd4 {[%eval 205,0]} 22. Rd3 {[%eval 248,0]} Qf6
{[%eval 254,0]} 23. Ne4 {[%eval 239,0]} Qd8 $6 {[%eval 379,0] Inaccuracy. Qe7
was best.} (23... Qe7 24. Qc3+ f6 25. Qxa5 bxc4 26. Rdd1 cxb3 27. dxe6 Bxe6 28.
Nxd6 c4 29. e4 Rbd8 30. e5) 24. dxe6 {[%eval 377,0]} bxc4 {[%eval 415,0]} 25.
Rxd6 {[%eval 419,0]} Qc7 {[%eval 473,0]} 26. Qc3+ {[%eval 426,0]} f6 {[%eval
446,0]} 27. e7 $4 {[%eval 206,0] Blunder. g4 was best.} (27. g4 Nxb3 28. g5 Qe7
29. gxf6+ Rxf6 30. Qe5 Rb5 31. a4 Nd2 32. axb5 Nxe4 33. Bxe4 axb5) 27... Qxe7 {
[%eval 237,0]} 28. Qxa5 {[%eval 231,0]} Bf5 $6 {[%eval 301,0] Inaccuracy. Bxh3
was best.} (28... Bxh3 29. Bf3) 29. Rbd1 {[%eval 324,0]} cxb3 {[%eval 369,0]}
30. Nc3 $6 {[%eval 209,0] Inaccuracy. g4 was best.} (30. g4 b2 31. gxf5 b1=Q
32. Rxb1 Rxb1+ 33. Kh2 Rb2 34. Rc6 Rf7 35. Qxa6 Qa7 36. Qd3 Qb8) 30... Qe3 $6 {
[%eval 377,0] Inaccuracy. b2 was best.} (30... b2 31. e4 Be6 32. Kh2 Rb3 33.
Nb1 h5 34. Qxa6 Re8 35. h4 Kh6 36. Rc6 Bg4 37. Rdd6) 31. g4 {[%eval 387,0]} Bc2
$4 {[%eval 808,0] Blunder. b2 was best.} (31... b2 32. gxf5 Kh6 33. R6d3 Qc1
34. fxg6 c4 35. Rd7 hxg6 36. Qc7 Rh8 37. Nb1 f5 38. Rf1) 32. Qc7+ $2 {[%eval
436,0] Mistake. Rd7+ was best.} (32. Rd7+ Kh6 33. Qc7 Rh8 34. Nd5 g5 35. Nxe3
Rbg8 36. Rf7 Rg6 37. Rf1) 32... Kh6 $4 {[%eval 32750,0] Checkmate is now
unavoidable. Rf7 was best.} (32... Rf7 33. Qxb8 Bxd1 34. Nxd1 Qxf4 35. Rd8 Qc4
36. Rg8+ Kh6 37. Kh2 Qxe2 38. Qg3 g5 39. Ne3) 33. Rxf6 {[%eval 32752,0]} Rh8 {
[%eval 32756,0]} 34. Bf3 {[%eval 32752,0]} 1-0

[Event "37th Reykjavik op"]
[Site "Reykjavik ISL"]
[Date "2024.03.20"]
[Round "8.30"]
[White "Gramb, Marius"]
[Black "Bulmaga, Irina"]
[WhiteElo "2142"]
[BlackElo "2429"]
[Result "0-1"]
[EventDate "2024.03.15"]
[PlyCount "84"]

1. e4 {[%eval 13,0]} e5 {[%eval 17,0]} 2. Nf3 {[%eval 21,0]} Nc6 {[%eval 13,0]}
3. Nc3 {[%eval 17,0]} Nf6 {[%eval 1,0]} 4. d4 {[%eval 0,0]} exd4 {[%eval 1,0]}
5. Nxd4 {[%eval 13,0]} Bb4 {[%eval 9,0]} 6. Nxc6 {[%eval 3,0]} bxc6 {[%eval 7,
0]} 7. Bd3 {[%eval 3,0]} d5 {[%eval 17,0]} 8. exd5 {[%eval 11,0]} Qe7+ {
[%eval 2,0]} 9. Qe2 {[%eval 22,0]} Qxe2+ {[%eval 33,0]} 10. Kxe2 {[%eval 27,0]}
cxd5 {[%eval 18,0]} 11. Bg5 {[%eval 1,0]} c6 {[%eval 2,0]} 12. Na4 {[%eval 0,0]
} O-O {[%eval 3,0]} 13. f3 {[%eval 0,0]} Bd6 {[%eval 0,0]} 14. Be3 {[%eval 5,0]
} Nd7 {[%eval 0,0]} 15. Bf5 {[%eval 4,0]} Re8 {[%eval 2,0]} 16. Kf2 {[%eval 0,
0]} g6 {[%eval 1,0]} 17. Bxd7 {[%eval 19,0]} Bxd7 {[%eval 3,0]} 18. Bc5 {
[%eval 1,0]} Be5 {[%eval 6,0]} 19. c3 {[%eval 11,0]} h5 {[%eval 1,0]} 20. Bd4 {
[%eval 3,0]} Bd6 {[%eval 13,0]} 21. b4 {[%eval 11,0]} Bf5 {[%eval 17,0]} 22. g3
{[%eval 0,0]} a5 {[%eval 3,0]} 23. a3 {[%eval 0,0]} f6 {[%eval 0,0]} 24. Nc5 {
[%eval 0,0]} Kf7 {[%eval 3,0]} 25. Nb3 {[%eval 16,0]} Bd3 {[%eval 28,0]} 26.
Rhe1 {[%eval 14,0]} Rxe1 {[%eval 16,0]} 27. Rxe1 {[%eval 12,0]} axb4 {[%eval
18,0]} 28. axb4 {[%eval 26,0]} Ra2+ {[%eval 11,0]} 29. Ke3 $2 {[%eval -94,0]
Mistake. Kg1 was best.} (29. Kg1) 29... Bb5 {[%eval -49,0]} 30. Nd2 {[%eval
-15,0]} Be5 $6 {[%eval -74,0] Inaccuracy. g5 was best.} (30... g5) 31. Rb1 $6 {
[%eval -174,0] Inaccuracy. Bxe5 was best.} (31. Bxe5 fxe5 32. c4 dxc4 33. Rc1
Ra3+ 34. Kf2 c3 35. Ne4 Ra2+ 36. Kg1 c2 37. Kf2 Ke7) 31... g5 {[%eval -195,0]}
32. f4 {[%eval -145,0]} Bxd4+ {[%eval -147,0]} 33. cxd4 {[%eval -149,0]} gxf4+
{[%eval -166,0]} 34. gxf4 {[%eval -142,0]} Ke6 {[%eval -194,0]} 35. Rb3 {
[%eval -147,0]} Kf5 {[%eval -139,0]} 36. Rb1 $6 {[%eval -233,0] Inaccuracy. h3
was best.} (36. h3 Ra8 37. Rc3 Re8+ 38. Kf3 h4 39. Re3 Ra8 40. Rb3 Ra7 41. Kf2
Kxf4 42. Nf3 Ra2+) 36... Ba4 {[%eval -244,0]} 37. Rf1 {[%eval -204,0]} Ra3+ {
[%eval -292,0]} 38. Kf2 {[%eval -389,0]} Bb5 {[%eval -383,0]} 39. Re1 {[%eval
-313,0]} Rd3 {[%eval -361,0]} 40. Nf3 {[%eval -327,0]} Kxf4 {[%eval -318,0]}
41. Nh4 {[%eval -327,0]} Rd2+ {[%eval -315,0]} 42. Kg1 {[%eval -317,0]} Rxd4
0-1

[Event "37th Reykjavik op"]
[Site "Reykjavik ISL"]
[Date "2024.03.20"]
[Round "8.31"]
[White "Fossheim, Yngve"]
[Black "Jin, Yueheng"]
[WhiteElo "2090"]
[BlackElo "2404"]
[Result "1/2-1/2"]
[EventDate "2024.03.15"]
[PlyCount "108"]

1. d4 {[%eval 17,0]} Nf6 {[%eval 16,0]} 2. c4 {[%eval 16,0]} e6 {[%eval 21,0]}
3. Nf3 {[%eval 0,0]} d5 {[%eval 12,0]} 4. g3 {[%eval 7,0]} dxc4 {[%eval 22,0]}
5. Bg2 {[%eval 21,0]} Bb4+ {[%eval 52,0]} 6. Bd2 {[%eval 18,0]} a5 {[%eval 43,
0]} 7. O-O {[%eval 0,0]} O-O {[%eval 0,0]} 8. a3 {[%eval 2,0]} Bxd2 {[%eval 18,
0]} 9. Nbxd2 {[%eval 18,0]} b5 {[%eval 11,0]} 10. b3 {[%eval 9,0]} cxb3 {
[%eval 2,0]} 11. Qxb3 {[%eval 16,0]} c6 {[%eval 27,0]} 12. Ne5 $2 {[%eval 9,0]
Mistake. Rfc1 was best.} (12. Rfc1) 12... Qxd4 {[%eval 96,0]} 13. Nxc6 {
[%eval -100,0]} Nxc6 {[%eval -82,0]} 14. Bxc6 {[%eval -83,0]} Rb8 {[%eval -74,
0]} 15. Nf3 {[%eval -75,0]} Qb6 {[%eval -82,0]} 16. Rac1 {[%eval -69,0]} Ba6 {
[%eval -78,0]} 17. Ne5 {[%eval -71,0]} Qd4 {[%eval -72,0]} 18. Nf3 {[%eval -72,
0]} Qb6 {[%eval -76,0]} 19. Ne5 {[%eval -81,0]} b4 $6 {[%eval 34,0] Inaccuracy.
Rfc8 was best.} (19... Rfc8 20. h4 h5 21. Qb2 b4 22. axb4 axb4 23. Bf3 Bb7 24.
Rxc8+ Rxc8 25. Bxb7 Qxb7 26. Rb1) 20. Bf3 {[%eval 3,0]} bxa3 {[%eval 34,0]} 21.
Qxa3 {[%eval 26,0]} Bb5 {[%eval 1,0]} 22. Nc6 {[%eval 0,0]} Bxc6 {[%eval 0,0]}
23. Rxc6 {[%eval 0,0]} Qb4 {[%eval 1,0]} 24. Ra1 {[%eval 5,0]} e5 {[%eval 0,0]}
25. Qxa5 {[%eval 0,0]} Qxa5 {[%eval 0,0]} 26. Rxa5 {[%eval 0,0]} Rb1+ {[%eval
0,0]} 27. Kg2 {[%eval 0,0]} e4 {[%eval 0,0]} 28. Rxf6 {[%eval 0,0]} gxf6 {
[%eval 0,0]} 29. Bxe4 {[%eval 0,0]} Rb4 {[%eval 0,0]} 30. Bd3 {[%eval 0,0]} Kg7
{[%eval 0,0]} 31. Rh5 {[%eval 0,0]} h6 {[%eval 5,0]} 32. Rc5 {[%eval 0,0]} Re8
{[%eval 0,0]} 33. Rc7 {[%eval 0,0]} Kf8 {[%eval 0,0]} 34. Rc6 {[%eval 0,0]} Re6
{[%eval 0,0]} 35. Rc8+ {[%eval 0,0]} Kg7 {[%eval 0,0]} 36. Rc7 {[%eval 0,0]}
Reb6 {[%eval 2,0]} 37. Rc5 {[%eval 0,0]} Rb7 {[%eval 0,0]} 38. Ra5 {[%eval 0,0]
} Re7 {[%eval 0,0]} 39. Rc5 {[%eval 0,0]} Rbb7 {[%eval 0,0]} 40. Ra5 {[%eval 0,
0]} Re5 {[%eval 0,0]} 41. Ra8 {[%eval 0,0]} Rbe7 {[%eval 0,0]} 42. Rb8 {
[%eval 0,0]} Rc5 {[%eval 0,0]} 43. Ra8 {[%eval 0,0]} Rd7 {[%eval 0,0]} 44. Ra4
{[%eval 0,0]} Rg5 {[%eval 0,0]} 45. Rb4 {[%eval 0,0]} Rgd5 {[%eval 0,0]} 46.
Rg4+ {[%eval 0,0]} Rg5 {[%eval 0,0]} 47. Rb4 {[%eval 0,0]} Ra7 {[%eval 0,0]}
48. Rd4 {[%eval 0,0]} Raa5 {[%eval 0,0]} 49. Rb4 {[%eval 0,0]} Rac5 {[%eval 0,
0]} 50. Ra4 {[%eval 0,0]} Rc1 {[%eval 0,0]} 51. Rb4 {[%eval 2,0]} Ra5 {[%eval
0,0]} 52. Rg4+ {[%eval 0,0]} Kf8 {[%eval 0,0]} 53. Rf4 {[%eval 0,0]} Kg7 {
[%eval 0,0]} 54. Rg4+ {[%eval 0,0]} Rg5 1/2-1/2